000 01965cam a22005294i 4500
003 PE-LiUPU
005 20250731165634.0
008 150616s r 000 0 d
020 _a0943575869
035 _a(Sirsi) i9780943575865
040 _aPE-LiUPU
_bspa
_cPE-LiUPU
_erda
049 _aPRUA
082 0 4 _a225.077
_bNI
_221
100 1 _aWilliams, David J.,
_eautor.
245 1 0 _a1 and 2 Thessalonians.
_n12 /
_cDavid J. Williams.
264 1 _aMassachusetts :
_bHendrickson Publishers,
_c1992.
300 _a168 páginas ;
_c21 centímetros
336 _atext
_2rdacontent
337 _aunmediated
_2rdamedia
338 _avolume
_2rdacarrier
490 0 _aNew International Biblical Commentary ;
_v12
504 _aIncluye bibliografía.
505 0 _aThanksgiving for the Thessalonica -- Paul's ministry in Thessalonica -- Timothy's encouraging report -- The coming of the lord -- 2 Thessalonians -- stand firm -- Request for prayer -- Warning against idleness.
526 _aSEG44
526 _aSEG26
526 _aP151
526 _aP150
526 _aP149
526 _aP146
526 _aP145
526 _aP126
526 _aP125
526 _aP92
526 _aP75
526 _aP74
526 _aP27
526 _aP15
630 _aBiblia.
_pN.T.
_pTesalonicenses
_xComentarios.
650 0 4 _a
910 _ajck
_bjvq
_cjck
942 _2ddc
_cBOOK
949 _aRC 225.077 NI 12
_wDEWEY
_c1
_i40025
_lCCODEBUL1
_mBUL
_r0
_sY
_tBOOK
_u2015-6-16
_xTEOLOGIA
_zUNKNOWN
_0COMPRA
_o.CIRCNOTE. No olvidar cambiar la fecha de devolución!!!!!!!
_o.STAFF. Colección General
994 _aC0
_bPEPRU
596 _a1
999 _aRC 225.077 NI 12
_wDEWEY
_c57805
_i40025
_f2021-11-8
_g6
_lCCODEBUL1
_mBUL
_r1
_sY
_tBOOK
_u2015-6-16
_xTEOLOGIA
_zUNKNOWN
_0COMPRA
_o.CIRCNOTE. No olvidar cambiar la fecha de devolución!!!!!!!
_o.STAFF. Colección General
_d57805
980 _81
_gALBERTO SANCHEZ Responsable de Automatización